000 00386nam a2200157Ia 4500
008 151213s9999 xx 000 0 und d
020 _a81-219-2450-2
100 _aMehta & Rohit
245 _aPrinciples Of Electronics
_cMehta & Rohit
260 _aNew Delhi
_bS.Chand
_c2010
300 _a8725 p.
650 _aE E E
650 _ascience
700 _aMehta & Rohit
999 _c4511
_d4511